000 00451nam a22001817a 4500
003 MPLRDC
005 20220104152551.0
008 210129b ||||| |||| 00| 0 eng d
082 _a945.32 HY-2 c.2
100 _a黄尧
245 _a墨缘随笔
_c
250 _a初版
260 _a
_b雪兰莪中华大会堂文教委员会
_c2000
300 _b
490 _a黄尧文集
650 _a中国画册--题识
942 _cBK
_o945.32 HY-2 c.2
999 _c52971
_d52961